02235nam a22003017a 4500003000900000001000900009007000300018008003600021090000900057942000800066040003800074245005900112955000600171041000800177856006000185520025600245520025800501520025600759520026001015520025201275520025701527520009601784260000901880246000801889962000901897650000801906999001901914UA-OsUOA 130648 ta20180507b un ||||| |||| 00| 0 ukr d bS-56 cMGN aUA-OsUOAbengcUA-OsUOAdUA-OsUOA aStudia humanistyczne AGHcEditor-in-Chief Maria Szmeja a1 aeng40uhttps://journals.agh.edu.pl/human/issue/view/17/showToc3 a"Studia Humanistyczne AGH" (Contributions to Humanities) has been published since 2003, initially once a year and, since 2010, twice a year. Both the dynamic development of the journal, the substantial increase in the range of subjects covered and its3 ahigh popularity among the representatives of various disciplines within social science and humanities, resulted in ‘Contributions to Humanities’ becoming a quarterly in 2012.‘Contributions to Humanities’ publishes articles of theoretical and emp3 airical character, review essays and reviews, translations, as well as findings of research carried out within the scope of contemporary social science and humanities. The contributors come from different international scientific and research centers a3 and represent a wide range of academic disciplines: sociology, philosophy, religious studies, cultural studies, anthropology, educational studies, psychology, political science, literature, linguistics, and history. ‘Contributions to Humanities’ accept3 as articles both in Polish and in English.The journal is indexed in ERIH PLUS, Central and Eastern European Online Library (CEEOL), Central European Journal of Social Sciences and Humanities (CEJSH) and Directory of Open Access Journals (DOAJ). Our3 aquarterly is also available through the Digital Library Europeana (www.europeana.eu). It has been included in the Ministry of Science and Higher Education register of scientific and scholarly journals (list B - 10). All the articles published in ‘Con3 atributions to Humanities’ are easily accessible through the journal’s official website. c201231a1n a2012 72UDC c418815d418815